Зональность редкоземельных элементов в редкометальных грейзеновых месторождениях; Проблемы поисковой и экологической геохимии Сибири

Dettagli Bibliografici
Parent link:Проблемы поисковой и экологической геохимии Сибири.— 2003.— С. 194-196
Autore principale: Поцелуев А. А. Анатолий Алексеевич
Altri autori: Котегов В. И.
Lingua:russo
Pubblicazione: 2003
Soggetti:
Natura: Capitolo di libro
KOHA link:https://koha.lib.tpu.ru/cgi-bin/koha/opac-detail.pl?biblionumber=105419

MARC

LEADER 00000naa2a2200000 4500
001 105419
005 20231031114414.0
035 |a (RuTPU)RU\TPU\book\113764 
090 |a 105419 
100 |a 20061116d2003 k y0rusy50 ca 
101 0 |a rus 
102 |a RU 
200 1 |a Зональность редкоземельных элементов в редкометальных грейзеновых месторождениях  |f А. А. Поцелуев, В. И. Котегов 
320 |a Библиогр.: 4 назв. 
463 0 |0 (RuTPU)RU\TPU\book\61426  |y 5-98298-031-5  |t Проблемы поисковой и экологической геохимии Сибири  |o труды Всероссийской гидрогеохимической конференции, Томск 25-30 октября 2003 г.  |f Томский политехнический университет; Институт геологии и нефтегазового дела ТПУ  |v С. 194-196  |d 2003  |p 330 с. 
610 1 |a редкоземельные элементы 
610 1 |a зональность 
610 1 |a грейзеновые месторождения 
610 1 |a редкие металлы 
610 1 |a труды учёных ТПУ 
700 1 |a Поцелуев  |b А. А.  |c геолог  |c профессор Томского политехнического университета, доктор геолого-минералогических наук  |f 1952-  |g Анатолий Алексеевич  |2 stltpush  |3 (RuTPU)RU\TPU\pers\26071 
701 1 |a Котегов  |b В. И. 
801 1 |a RU  |b 63413507  |c 20061116  |g PSBO 
801 2 |a RU  |b 63413507  |c 20150720  |g RCR 
942 |c BK